000 01456nam a22003497a 4500
003 CHAP
005 20220329143446.0
008 091028s2009 mx r 00010 spa d
010 _a96966
011 _a97938
035 _a108612
040 _cCHAP
090 _aTesis
100 1 _aRobledo Robledo, Martha Griselle
_998040
245 1 0 _aEvaluación de la resistencia en tres variedades de maíz criollo atacadas por Punctodera chalcoensis (Stonne, Sosa Moss y Mulvey) en Ameca, Estado de México
_c/por Martha Griselle Robledo Robledo
260 _aChapingo, Méx. :
_bEl autor,
_c2009
300 _aviii, 45 h. :
_bapendice, cuadros, gráfs. ,ilus.
502 _aTesis (Ing. Agr. Esp. en Parasitología Agrícola) -- UACH. Departamento de Parasitología Agrícola
590 _aALEPH
_b10
_c20130110
_lUCH01
_h1530
590 _aBATCH-UPD
_b10
_c20130110
_lUCH01
_h1316
590 _aBATCH-UPD
_b10
_c20130410
_lUCH01
_h0827
590 _aBATCH-UPD
_b10
_c20130914
_lUCH01
_h1756
590 _aCONVERSION
_b10
_c20130109
_lUCH01
_h1354
650 1 4 _aMaíz
_xEnfermedades por nemátodos.
_970942
650 1 4 _aMaíz
_xVariedades resistentes a enfermedades.
_971082
650 1 4 _aMaíz
_zMéxico (Edo.).
_971099
650 1 4 _aPunctodera chalcoensis.
_993023
901 _aBK
942 _cFOLL
949 _aTesis
_bBC
_cTES
_d33724002130801
_eTS1
_gDonaciØn
_h49659
_i108612
_sb
949 _aTesis
_bBC
_cTES
_d33724002130842
_eTS2
_fc.2
_gDonaciØn
_h49660
_i108612
_sb
999 _c96966
_d96966